[Event "NRW Class1 1819"]
[Site "Germany"]
[Date "2018.11.18"]
[Round "3.6"]
[White "Dierkes, Tobias"]
[Black "Goldschmidt, Christian"]
[Result "1/2-1/2"]
[WhiteElo "2116"]
[BlackElo "2174"]
[PlyCount "84"]
[EventDate "2018.09.16"]
[EventType "team-tourn"]
[EventRounds "9"]
[EventCountry "GER"]
[SourceTitle "EXT 2022"]
[Source "ChessBase"]
[SourceDate "2021.10.06"]
[SourceVersion "1"]
[SourceVersionDate "2021.10.06"]
[SourceQuality "1"]
[WhiteTeam "Niederkassel"]
[BlackTeam "Brackel SF"]
[WhiteTeamCountry "GER"]
[BlackTeamCountry "GER"]

1. d4 d5 2. c4 e6 3. Nc3 c5 4. dxc5 d4 5. Ne4 Nf6 6. Nd6+ Bxd6 7. cxd6 Qxd6 8. Nf3 Nc6 9. a3 e5 10. e3 Bg4 11. h3 Bh5 12. g4 Bg6 13. Bg2 0-0 14. 0-0 Rad8 15. exd4 exd4 16. Bg5 h6 17. Bh4 Rfe8 18. Qb3 Rd7 19. Rfe1 Rxe1+ 20. Rxe1 Ne4 21. Qd1 d3 22. Nd2 Nxd2 23. Qxd2 Qd4 24. Bg3 Qxc4 25. Bxc6 Qxc6 26. Be5 Re7 27. Bc3 Rxe1+ 28. Qxe1 f6 29. Qe3 Be4 30. Qxa7 Bh1 31. Qb8+ Kh7 32. Qh2 Bf3 33. Qf4 Qd5 34. Bd2 Bh1 35. Qh2 Bf3 36. Qf4 Bh1 37. Qh2 Qf3 38. Qxh1 Qd1+ 39. Kh2 Qxd2 40. Qe4+ Kg8 41. Qe8+ Kh7 42. Qe4+ Kg8 1/2-1/2

[Event "NRW Class1 1718"]
[Site "Germany"]
[Date "2018.03.11"]
[Round "7.7"]
[White "Dierkes, Tobias"]
[Black "Schwanbeck, Christoph"]
[Result "1-0"]
[WhiteElo "2108"]
[BlackElo "2060"]
[PlyCount "75"]
[EventDate "2017.09.17"]
[EventType "team-tourn"]
[EventRounds "9"]
[EventCountry "GER"]
[SourceTitle "EXT 2019"]
[Source "ChessBase"]
[SourceDate "2018.10.10"]
[SourceVersion "1"]
[SourceVersionDate "2018.10.10"]
[SourceQuality "1"]
[WhiteTeam "Niederkassel"]
[BlackTeam "Iserlohn Koenigsspringer"]
[WhiteTeamCountry "GER"]
[BlackTeamCountry "GER"]

1. d4 Nf6 2. c4 d6 3. Nc3 Nbd7 4. g3 e5 5. Nf3 c6 6. e4 Be7 7. Bg2 0-0 8. 0-0 Re8 9. h3 Bf8 10. Qc2 Qc7 11. Be3 d5 12. exd5 cxd5 13. Nxe5 dxc4 14. Nb5 Qa5 15. Qxc4 Nxe5 16. dxe5 Rxe5 17. Nc7 Rb8 18. Rac1 Bf5 19. Rfd1 Be4 20. Bd4 Bxg2 21. Bxe5 Qxe5 22. Kxg2 Qxb2 23. Rb1 Qe5 24. Rb5 Qe7 25. Nd5 Nxd5 26. Rbxd5 Qe6 27. Qc7 Rc8 28. Qxb7 Qe4+ 29. Kg1 Rc2 30. Qxa7 Qe2 31. Rd8 g6 32. a4 h5 33. Rxf8+ Kxf8 34. Rd8+ Kg7 35. Qd4+ f6 36. Qd7+ Kh6 37. Rh8+ Kg5 38. h4# 1-0

[Event "Naujac op 15th"]
[Site "Naujac"]
[Date "2012.07.01"]
[Round "9"]
[White "Dierkes, Tobias"]
[Black "L'Hospital, Philippe"]
[Result "1-0"]
[WhiteElo "2107"]
[BlackElo "1895"]
[PlyCount "51"]
[EventDate "2012.06.24"]
[EventType "swiss"]
[EventRounds "9"]
[EventCountry "FRA"]
[SourceTitle "CBM 149 Extra"]
[Source "ChessBase"]
[SourceDate "2012.08.24"]
[SourceVersion "1"]
[SourceVersionDate "2012.08.24"]
[SourceQuality "1"]

1. d4 d6 2. e4 Nf6 3. Nc3 Nbd7 4. f4 e5 5. Nf3 exd4 6. Nxd4 g6 7. Be2 Bg7 8. 0-0 0-0 9. Bf3 Re8 10. Re1 Nc5 11. b4 Ne6 12. Nb3 Nd7 13. Qd3 Qf6 14. Nd5 Qd8 15. Rb1 c6 16. Nc3 Qf6 17. Ne2 Qe7 18. Na5 Rd8 19. Rd1 Nb6 20. c4 c5 21. a3 Qc7 22. Bb2 d5 23. cxd5 cxb4 24. Rbc1 Nxf4 25. Rxc7 Nxd3 26. Bxg7 1-0

[Event "Naujac op 15th"]
[Site "Naujac"]
[Date "2012.06.30"]
[Round "8"]
[White "Castro, John"]
[Black "Dierkes, Tobias"]
[Result "1-0"]
[WhiteElo "2193"]
[BlackElo "2107"]
[PlyCount "57"]
[EventDate "2012.06.24"]
[EventType "swiss"]
[EventRounds "9"]
[EventCountry "FRA"]
[SourceTitle "CBM 149 Extra"]
[Source "ChessBase"]
[SourceDate "2012.08.24"]
[SourceVersion "1"]
[SourceVersionDate "2012.08.24"]
[SourceQuality "1"]

1. e4 c5 2. Nf3 e6 3. d4 cxd4 4. Nxd4 Nf6 5. Nc3 d6 6. f4 Nbd7 7. Be3 a6 8. Qf3 Qc7 9. g4 Nc5 10. g5 Nfd7 11. a4 b6 12. Bh3 Bb7 13. 0-0 Be7 14. b4 Nb3 15. cxb3 Qxc3 16. Rac1 Qd3 17. Bg2 d5 18. Rfd1 Qxe4 19. Qf2 Qg6 20. Rc7 Rb8 21. f5 exf5 22. Nxf5 Bxb4 23. Rxd7 Kxd7 24. Bxd5 Bxd5 25. Rxd5+ Ke6 26. Qf3 f6 27. Qe4+ Kf7 28. Rd7+ Kg8 29. Qc4+ 1-0

[Event "Naujac op 15th"]
[Site "Naujac"]
[Date "2012.06.27"]
[Round "5"]
[White "Marholev, Dimitar"]
[Black "Dierkes, Tobias"]
[Result "1/2-1/2"]
[WhiteElo "2370"]
[BlackElo "2107"]
[PlyCount "54"]
[EventDate "2012.06.24"]
[EventType "swiss"]
[EventRounds "9"]
[EventCountry "FRA"]
[SourceTitle "CBM 149 Extra"]
[Source "ChessBase"]
[SourceDate "2012.08.24"]
[SourceVersion "1"]
[SourceVersionDate "2012.08.24"]
[SourceQuality "1"]

1. e4 c5 2. Nf3 e6 3. d4 cxd4 4. Nxd4 Nf6 5. Nc3 d6 6. g4 h6 7. Bg2 Nc6 8. Nxc6 bxc6 9. e5 Nd5 10. exd6 Qxd6 11. Ne4 Qc7 12. c4 Nf6 13. Nxf6+ gxf6 14. 0-0 Bb7 15. Qf3 Bd6 16. h3 f5 17. c5 Bh2+ 18. Kh1 fxg4 19. hxg4 0-0-0 20. Be3 h5 21. g5 h4 22. Bh3 Ba6 23. Rfc1 Be5 24. Bf1 Bxf1 25. Rxf1 Rd5 26. Rab1 Rhd8 27. b4 Bd4 1/2-1/2

[Event "NRW Class2 0708"]
[Site "Germany"]
[Date "2008.03.02"]
[Round "7.7"]
[White "Dierkes, Tobias"]
[Black "Peters, Ortwin"]
[Result "1-0"]
[WhiteElo "2108"]
[BlackElo "2106"]
[PlyCount "79"]
[EventDate "2007.09.16"]
[EventType "team"]
[EventRounds "9"]
[EventCountry "GER"]
[SourceTitle "EXT 2009"]
[Source "ChessBase"]
[SourceDate "2008.11.26"]
[SourceVersion "1"]
[SourceVersionDate "2008.11.26"]
[SourceQuality "1"]
[WhiteTeam "Niederkassel"]
[BlackTeam "Solingen III"]
[WhiteTeamCountry "GER"]
[BlackTeamCountry "GER"]

1. d4 d5 2. c4 c6 3. e3 Nf6 4. Nc3 e6 5. Nf3 Nbd7 6. Qc2 Bd6 7. b3 0-0 8. Be2 Re8 9. 0-0 b6 10. Bb2 Bb7 11. e4 dxe4 12. Nxe4 Nxe4 13. Qxe4 f5 14. Qc2 Rc8 15. Rad1 Qe7 16. Rfe1 Bb4 17. Nd2 c5 18. a3 Qg5 19. Bf1 Ba5 20. Re3 f4 21. Rh3 h6 22. Nf3 Bxf3 23. Rxf3 Nf6 24. g3 Rf8 25. Qe2 Rce8 26. Rxf4 b5 27. dxc5 e5 28. Rh4 bxc4 29. Qxc4+ Kh8 30. Bg2 Rd8 31. Rf1 Bc7 32. Bc1 Qf5 33. b4 Rfe8 34. Be4 Nxe4 35. Qxe4 Qf6 36. Be3 Qa6 37. b5 Qxb5 38. Bxh6 Qd3 39. Bg5+ Kg8 40. Bxd8 1-0

[Event "Pardubice Jihlavanka op"]
[Site "Pardubice"]
[Date "2007.07.23"]
[Round "4"]
[White "Dierkes, Tobias"]
[Black "Veltkamp, Gerben"]
[Result "1/2-1/2"]
[WhiteElo "2108"]
[BlackElo "2204"]
[PlyCount "59"]
[EventDate "2007.07.20"]
[EventType "swiss"]
[EventRounds "9"]
[EventCountry "CZE"]
[SourceTitle "EXT 2009"]
[Source "ChessBase"]
[SourceDate "2008.11.26"]
[SourceVersion "1"]
[SourceVersionDate "2008.11.26"]
[SourceQuality "1"]

1. d4 d5 2. c4 Nc6 3. Nf3 Bg4 4. Nc3 e6 5. cxd5 exd5 6. Bf4 Bd6 7. Bg3 Nge7 8. e3 0-0 9. Be2 Nf5 10. Bxd6 Qxd6 11. h3 Bxf3 12. Bxf3 Nce7 13. 0-0 Rad8 14. Rc1 c6 15. Na4 b6 16. a3 Qh6 17. Bg4 Nd6 18. Be2 f5 19. f4 Rf6 20. Kh2 Re8 21. Bd3 Nc4 22. Qe2 b5 23. Nc5 Nc8 24. Bxc4 bxc4 25. b3 cxb3 26. Rb1 Rf7 27. Nd3 Rb7 28. Ne5 Qd6 29. Qa6 Rb6 30. Qa4 1/2-1/2

[Event "Mittelrhein-ch"]
[Site "Niederkassel"]
[Date "2005.05.20"]
[Round "3"]
[White "Gikas, Andreas Basilius"]
[Black "Dierkes, Tobias"]
[Result "1-0"]
[WhiteElo "2228"]
[BlackElo "2066"]
[PlyCount "115"]
[EventDate "2005.05.16"]
[EventType "swiss"]
[EventRounds "5"]
[EventCountry "GER"]
[SourceTitle "EXT 2006"]
[Source "ChessBase"]
[SourceDate "2005.11.24"]
[SourceVersion "1"]
[SourceVersionDate "2005.11.24"]
[SourceQuality "1"]

1. e4 c5 2. Nf3 e6 3. d4 cxd4 4. Nxd4 a6 5. Nc3 b5 6. g3 Qc7 7. Bg2 Bb7 8. 0-0 Nf6 9. Re1 d6 10. a4 b4 11. Nd5 exd5 12. exd5+ Kd8 13. Bg5 Nbd7 14. Qe2 Kc8 15. Qe8+ Qd8 16. Bxf6 gxf6 17. Qxf7 Ne5 18. Qe6+ Kc7 19. f4 Ng6 20. Qf7+ Qd7 21. Ne6+ Kc8 22. Qxf6 Be7 23. Qd4 a5 24. c3 bxc3 25. bxc3 Kb8 26. Rab1 Ra7 27. Qg7 Qe8 28. Nd4 Ka8 29. Nb5 Qd8 30. Nxa7 Kxa7 31. Rb5 Ba6 32. Qd4+ Ka8 33. Rb6 Qc8 34. Reb1 Qc4 35. Qxc4 Bxc4 36. Bf1 Bxf1 37. Kxf1 Ka7 38. Rb7+ Ka8 39. R7b5 Bd8 40. Rb8+ Ka7 41. R1b7+ Ka6 42. Rd7 Bf6 43. Rxh8 Bxh8 44. Rxd6+ Kb7 45. Rd7+ Kc8 46. Rxh7 Bxc3 47. f5 Nf8 48. Rf7 Nd7 49. g4 Kd8 50. g5 Ke8 51. g6 Nc5 52. Rc7 Nxa4 53. Rc4 Bb4 54. f6 Nb6 55. g7 Kf7 56. Rc7+ Kg8 57. Rb7 Nxd5 58. Rb8+ 1-0

[Event "NRW-ch U18"]
[Site "Wolfsburg"]
[Date "2004.04.17"]
[Round "7"]
[White "Hilverda, Alexander"]
[Black "Dierkes, Tobias"]
[Result "1-0"]
[WhiteElo "2058"]
[BlackElo "1926"]
[PlyCount "83"]
[EventDate "2004.04.??"]
[EventType "swiss"]
[EventRounds "7"]
[EventCountry "GER"]
[SourceTitle "EXT 2005"]
[Source "ChessBase"]
[SourceDate "2004.11.15"]
[SourceVersion "1"]
[SourceVersionDate "2004.11.15"]
[SourceQuality "1"]

1. e4 c5 2. Nf3 e6 3. d4 cxd4 4. Nxd4 a6 5. Bd3 Qc7 6. 0-0 Nf6 7. Qe2 d6 8. Nc3 b5 9. f4 Nbd7 10. Bd2 Be7 11. Rae1 Bb7 12. Kh1 Rc8 13. e5 Nd5 14. f5 Nxe5 15. fxe6 f6 16. Qh5+ Kd8 17. Qe2 g6 18. a4 Qb6 19. Nxd5 Bxd5 20. Be3 Qb7 21. axb5 axb5 22. Ra1 Nc4 23. Bg1 Nxb2 24. Ra7 Qxa7 25. Nc6+ Rxc6 26. Bxa7 Nxd3 27. cxd3 Kc7 28. Qb2 Ra8 29. Qxb5 Bxg2+ 30. Kxg2 Rxa7 31. d4 Rb7 32. Qa5+ Kc8 33. d5 Rc5 34. Qa4 Bd8 35. Qa8+ Kc7 36. Qa4 Kc8 37. Re1 Kb8 38. Qe8 Rc8 39. Re2 f5 40. Qf7 Re7 41. Qf6 Rc5 42. Rb2+ 1-0

[Event "NRW-ch U18"]
[Site "Wolfsburg"]
[Date "2004.04.16"]
[Round "6"]
[White "Dierkes, Tobias"]
[Black "Albers, Damian"]
[Result "1-0"]
[WhiteElo "1926"]
[BlackElo "1887"]
[PlyCount "125"]
[EventDate "2004.04.??"]
[EventType "swiss"]
[EventRounds "7"]
[EventCountry "GER"]
[SourceTitle "EXT 2005"]
[Source "ChessBase"]
[SourceDate "2004.11.15"]
[SourceVersion "1"]
[SourceVersionDate "2004.11.15"]
[SourceQuality "1"]

1. d4 Nf6 2. c4 g6 3. Nf3 Bg7 4. Nc3 0-0 5. e4 d6 6. Be2 e5 7. dxe5 dxe5 8. Qxd8 Rxd8 9. Bg5 c6 10. Nxe5 Re8 11. Rd1 Na6 12. Nf3 Nc5 13. e5 Ng4 14. Bf4 Nd7 15. 0-0 Ngxe5 16. Rfe1 f6 17. Ne4 Nxf3+ 18. Bxf3 Ne5 19. Nd6 Rd8 20. Bxe5 fxe5 21. b3 Kf8 22. Re3 Ke7 23. c5 Be6 24. Nxb7 Rxd1+ 25. Bxd1 Bd5 26. Kf1 Rf8 27. Nd6 a5 28. Nc4 Bxc4+ 29. bxc4 Rf4 30. Be2 e4 31. Ra3 Bd4 32. f3 Bxc5 33. Rxa5 Kd6 34. Ra6 e3 35. Bd3 Rd4 36. Ke2 Kc7 37. Ra8 Rd7 38. a4 Bd4 39. Re8 g5 40. Re6 Bc5 41. Re5 Kd6 42. Rxg5 Rb7 43. Rxc5 Kxc5 44. Kxe3 Rb2 45. Be2 Ra2 46. g4 h6 47. h4 Rxa4 48. g5 hxg5 49. hxg5 Kd6 50. f4 Ra8 51. Bd3 Re8+ 52. Kf3 Ke7 53. f5 Kf8 54. Kf4 Re1 55. f6 Rd1 56. Bh7 Kf7 57. Kf5 Rf1+ 58. Ke5 Re1+ 59. Be4 c5 60. g6+ Kg8 61. Kf5 Rf1+ 62. Kg5 Rg1+ 63. Kh6 1-0